| 000 | 00625nam a2200229Ia 4500 | ||
|---|---|---|---|
| 003 | OSt | ||
| 005 | 20260605113216.0 | ||
| 008 | 210210b1999 xxu||||| |||| 00| 0 eng d | ||
| 020 | _a81 86670 32 7 | ||
| 040 | _cAL | ||
| 041 | _aTulu | ||
| 082 | _aT894.1 PRAT | ||
| 100 |
_aPRAMODA (K Suvarna) _dಪ್ರಮೋದ (ಕೆ. ಸುವರ್ಣ) _9265316 |
||
| 245 |
_aTati Tembare _bತಾಟಿ ತೆಂಬರೆ |
||
| 260 |
_aMangaluru _bHemanshu Prakashana _c1999 |
||
| 300 | _a73 | ||
| 650 |
_aTembare _9265317 |
||
| 650 |
_aTati _9265318 |
||
| 690 |
_aTulu Poetry _9265319 |
||
| 906 | _a056330 | ||
| 942 |
_2ddc _cBK |
||
| 999 |
_c103748 _d103748 |
||